| 000 | 00654nam a2200205 i 4500 | ||
|---|---|---|---|
| 001 | 26658 | ||
| 003 | ES-MaACL | ||
| 005 | 20250809044622.0 | ||
| 007 | t| | ||
| 008 | 030110s1964 sp |||| | spa d | ||
| 100 | 1 |
_aArvizu y Aguado, Fernando. _923519 |
|
| 245 | 1 | 4 |
_aLas donaciones inter-vivos en el derecho civil de Navarra / _cFernando Arvizu y Aguado. |
| 260 |
_aPamplona : _bDiputación Foral de Navarra, _c1964. |
||
| 300 |
_a313 p. ; _c21 cm. |
||
| 490 | 1 |
_aBiblioteca de derecho foral ; _v7 |
|
| 650 | 4 |
_aDonaciones. _9165083 |
|
| 830 | 0 | 0 |
_aBiblioteca de derecho foral _v7 _9181069 |
| 852 |
_aES-MaACL _jE-4758 |
||
| 999 |
_c26658 _d26658 |
||